00632 2200229 4500001002100000005001500021035002000036007000300056008004100059020001800100082001000118084001600128100002100144245004400165260004500209300003100254500004000285650001800325700001900343700002900362990001100391INLIS00000000000852020210423092511 a0010-0421000664ta210423 d 1 ind  a979-27-1239-1 a741.5 a741.5 TAK k0 aTAKESHI, Maekawa1 aKungfu Boy Legends 2 /cTakeshi Maekawa aJakarta :bGramedia Pustaka Utama,c2008 a133 hlm :bilus. ;c18 cm. ajudul asli: Tekken Chinmi Legends 2 4aKOMIK. BACAAN0 aeditor, Nining0 aalih bahasa, M. Gunarsah a8199 a